000
00203 a2200097 4500
020
_a
9780982141885
041
_a
eng
100
_a
AMERICA READS
245
_a
ESSENTIAL GUIDE TO SPANISH READING
942
_c
BK
999
_c
2830
_d
2830